000 00536cam a22001457a 4500
008 180718b1972 xxu||||| |||| 00| 0 eng d
082 _aP403x5461 In2/1963
100 _aIndia. Joint Committee on the Delhi School Education Bill
245 _aReport of the Joint Committee on the Delhi School Education Bill, 1972
_cby Lok Sabha Secretariat
260 _aNew Delhi
_bLok Sabha Secretariat
_c1972
300 _a53+p.
500 _aChairman: H.K.L., Bhagat
700 _aIndia. Lok Sabha Secretariat
700 _aBhagat, H.K.L. (Chairman)
999 _c489474
_d489474